[Event "SpeedChess Final 2025"]
[Site "London ENG"]
[Date "2026.02.07"]
[Round "1.1"]
[White "Carlsen, Magnus"]
[Black "Lazavik, Denis"]
[Result "0-1"]
[WhiteTitle "GM"]
[BlackTitle "GM"]
[WhiteElo "2840"]
[BlackElo "2605"]
[WhiteFideId "1503014"]
[BlackFideId "13515110"]
[EventDate "2026.02.07"]
[EventType "k.o."]

1. e4 e5 2. Nf3 Nc6 3. Bc4 Bc5 4. O-O Nf6 5. d3 d6 6. c3 a6 7. Bb3 Ba7 8. Re1 h6
9. Nbd2 O-O 10. h3 Re8 11. Nf1 Be6 12. Bc2 d5 13. exd5 Bxd5 14. Ng3 Qd7 15. Qe2
Rad8 16. a4 a5 17. Bd2 Bc5 18. Rad1 Bf8 19. Ne4 Qe6 20. Nh2 Nxe4 21. dxe4 Bc4
22. Qg4 Bc5 23. Bc1 b6 24. Qxe6 Bxe6 25. Nf1 Rxd1 26. Rxd1 Rd8 27. Rxd8+ Nxd8
28. Ne3 Kf8 29. Kf1 h5 30. Ke2 g6 31. Bd2 Nc6 32. Nd5 Bd6 33. Bd3 Ne7 34. Ne3
Bb3 35. Bc2 Be6 36. Bd3 Bb3 37. Bb5 c6 38. Bc4 Bxa4 39. b3 Bb5 40. Bxb5 cxb5 41.
Kd3 Ke8 42. f3 Kd7 43. g4 Bc5 44. gxh5 gxh5 45. Nf1 Ke6 46. b4 Bf2 47. Ke2 Bg1
48. Kd3 a4 49. Ng3 h4 50. Ne2 Bf2 51. f4 exf4 52. Nxf4+ Ke5 53. Ke2 Bg3 54. Kf3
Bxf4 55. Bxf4+ Ke6 56. Bc1 Ng6 57. Ke3 Ne5 58. Kd4 Nc4 59. Kd3 a3 0-1

[Event "SpeedChess Final 2025"]
[Site "London ENG"]
[Date "2026.02.07"]
[Round "1.1"]
[White "Firouzja, Alireza"]
[Black "Nakamura, Hikaru"]
[Result "1-0"]
[WhiteTitle "GM"]
[BlackTitle "GM"]
[WhiteElo "2759"]
[BlackElo "2810"]
[WhiteFideId "12573981"]
[BlackFideId "2016192"]
[EventDate "2026.02.07"]
[EventType "k.o."]

1. d4 Nf6 2. c4 e6 3. Nf3 d5 4. Nc3 Be7 5. Bf4 O-O 6. e3 Nbd7 7. c5 b6 8. b4 a5
9. a3 c6 10. h4 Ng4 11. Be2 axb4 12. axb4 Rxa1 13. Qxa1 bxc5 14. bxc5 e5 15.
dxe5 Nxc5 16. Nd4 Bd7 17. Bxg4 Bxg4 18. Nxc6 Qd7 19. Nxe7+ Qxe7 20. O-O Qxh4 21.
Nxd5 Qd8 22. Nb4 Nd3 23. Nc6 Qd7 24. Nd4 Nxf4 25. exf4 Rd8 26. Nc2 Qf5 27. Qa4
Qd3 28. Ne3 Be2 29. Rc1 h6 30. f5 Qd4 31. Qxd4 Rxd4 32. Rc8+ Kh7 33. f3 Rd7 34.
Kf2 Ba6 35. Rc6 Rd2+ 36. Kg3 Bb5 37. Rb6 Bd7 38. e6 fxe6 39. fxe6 Ba4 40. Rb7
Rd6 41. Nf5 Rxe6 42. Rxg7+ Kh8 43. Ra7 Be8 44. Nd4 Rg6+ 45. Kf2 Rg8 46. g4 Bg6
47. Ne6 Re8 48. Nf4 Bh7 49. Ra6 Rf8 50. Kg3 Rb8 51. Rxh6 Rb3 52. g5 Kg7 53. Nh5+
Kg8 54. Nf6+ 1-0

[Event "SpeedChess Final 2025"]
[Site "London ENG"]
[Date "2026.02.07"]
[Round "1.2"]
[White "Lazavik, Denis"]
[Black "Carlsen, Magnus"]
[Result "0-1"]
[WhiteTitle "GM"]
[BlackTitle "GM"]
[WhiteElo "2605"]
[BlackElo "2840"]
[WhiteFideId "13515110"]
[BlackFideId "1503014"]
[EventDate "2026.02.07"]
[EventType "k.o."]

1. d4 d5 2. c4 e6 3. Nc3 Nf6 4. cxd5 exd5 5. Bg5 Be7 6. e3 h6 7. Bh4 O-O 8. Bd3
c6 9. Bg3 Re8 10. Nf3 Nbd7 11. h3 Bb4 12. O-O Ne4 13. Bxe4 dxe4 14. Nd2 Nf6 15.
Be5 Bf5 16. Qb3 Bxc3 17. bxc3 Nd7 18. Bf4 b5 19. a4 a6 20. c4 Be6 21. Qc2 Nb6
22. axb5 axb5 23. cxb5 cxb5 24. Rxa8 Qxa8 25. Rb1 Rc8 26. Qxe4 Bd5 27. Qd3 Nc4
28. Nxc4 bxc4 29. Qf1 c3 30. Rc1 c2 31. f3 g5 32. Be5 Qa3 33. e4 Qe3+ 34. Kh2
Bb3 35. Qg1 Qxg1+ 36. Kxg1 Rc3 37. d5 Rd3 38. Bb2 Rd1+ 39. Kf2 f5 40. Ke3 f4+
41. Ke2 Kf7 42. Kf2 Ke7 43. Ke2 Kd6 44. Ba3+ Kc7 45. d6+ Kd7 46. e5 Ke6 47. Bb2
Bc4+ 48. Kf2 Bd3 49. Ba3 Kxe5 50. d7 Bf5 51. Ke2 Rxd7 52. Bb2+ Ke6 53. Ra1 Rb7
54. Ra6+ Kd5 55. Bc1 Kc4 56. Kd2 Rd7+ 57. Ke2 Rd1 58. Bd2 Bd3+ 0-1

[Event "SpeedChess Final 2025"]
[Site "London ENG"]
[Date "2026.02.07"]
[Round "1.2"]
[White "Nakamura, Hikaru"]
[Black "Firouzja, Alireza"]
[Result "1/2-1/2"]
[WhiteTitle "GM"]
[BlackTitle "GM"]
[WhiteElo "2810"]
[BlackElo "2759"]
[WhiteFideId "2016192"]
[BlackFideId "12573981"]
[EventDate "2026.02.07"]
[EventType "k.o."]

1. d4 Nf6 2. c4 e6 3. Nf3 d5 4. g3 dxc4 5. Bg2 c5 6. O-O Nc6 7. dxc5 Qxd1 8.
Rxd1 Bxc5 9. Nbd2 c3 10. bxc3 O-O 11. Nb3 Be7 12. Nfd4 Nxd4 13. cxd4 Nd5 14. Bd2
f5 15. f3 f4 16. gxf4 Nxf4 17. Bxf4 Rxf4 18. e3 Rf7 19. Rac1 g5 20. Na5 Ba3 21.
Rc2 Bd7 22. Rb1 Rc8 23. Rxc8+ Bxc8 24. Rb3 Bd6 25. f4 gxf4 26. Nxb7 Bxb7 27.
Rxb7 fxe3 1/2-1/2

[Event "SpeedChess Final 2025"]
[Site "London ENG"]
[Date "2026.02.07"]
[Round "1.3"]
[White "Carlsen, Magnus"]
[Black "Lazavik, Denis"]
[Result "1-0"]
[WhiteTitle "GM"]
[BlackTitle "GM"]
[WhiteElo "2840"]
[BlackElo "2605"]
[WhiteFideId "1503014"]
[BlackFideId "13515110"]
[EventDate "2026.02.07"]
[EventType "k.o."]

1. e4 e5 2. Nf3 Nc6 3. Bb5 a6 4. Ba4 Nf6 5. O-O Be7 6. d3 b5 7. Bb3 d6 8. c3 O-O
9. Re1 Na5 10. Bc2 c5 11. Nbd2 Nc6 12. Nf1 h6 13. Ne3 Re8 14. a4 Rb8 15. axb5
axb5 16. Nd5 Bf8 17. Nxf6+ Qxf6 18. Nd2 Be6 19. Nf1 Ra8 20. Bd2 Qe7 21. Ne3 Qb7
22. Rxa8 Rxa8 23. Bb3 Bxb3 24. Qxb3 Ne7 25. h3 Qc6 26. h4 Rd8 27. h5 d5 28. exd5
Nxd5 29. Ng4 f6 30. c4 bxc4 31. Qxc4 Qe6 32. g3 Nc7 33. Ba5 Rd4 34. Qxe6+ Nxe6
35. Ne3 Rxd3 36. Bc3 Rd7 37. Ra1 Kf7 38. Kg2 Nd4 39. g4 Be7 40. Ra6 Rd6 41. Ra7
Ke6 42. Bxd4 exd4 43. Nf5 Rd7 44. Nxg7+ Kd6 45. Nf5+ Ke6 46. Rxd7 Kxd7 47. Nxh6
c4 48. Kf3 c3 49. bxc3 dxc3 50. Ke2 Bc5 51. Nf5 Ke6 52. h6 1-0

[Event "SpeedChess Final 2025"]
[Site "London ENG"]
[Date "2026.02.07"]
[Round "1.3"]
[White "Firouzja, Alireza"]
[Black "Nakamura, Hikaru"]
[Result "0-1"]
[WhiteTitle "GM"]
[BlackTitle "GM"]
[WhiteElo "2759"]
[BlackElo "2810"]
[WhiteFideId "12573981"]
[BlackFideId "2016192"]
[EventDate "2026.02.07"]
[EventType "k.o."]

1. d4 Nf6 2. c4 e6 3. Nf3 d5 4. Nc3 Be7 5. Bf4 O-O 6. e3 Nbd7 7. c5 c6 8. b4 b6
9. h3 a5 10. a3 Ba6 11. Bxa6 Rxa6 12. b5 cxb5 13. c6 Qc8 14. c7 b4 15. Nb5 Ne4
16. Rc1 a4 17. Ng5 Ndf6 18. Nxe4 Nxe4 19. f3 Bh4+ 20. Kf1 Ng3+ 21. Kg1 Nf5 22.
axb4 Qd7 23. Qd3 Raa8 24. g4 Ne7 25. Rh2 Ng6 26. Bd6 Rfc8 27. Rhc2 a3 28. Bh2
Be7 29. Nxa3 Bxb4 30. Nb5 e5 31. dxe5 Bc5 32. Nd4 Qxc7 33. e6 Qe7 34. exf7+ Qxf7
35. Bg3 Re8 36. Kg2 Ra4 37. Nf5 h5 38. Rd2 Ne5 39. Bxe5 Rxe5 40. f4 Re6 41. Qxd5
Rae4 42. Rc3 Kh7 43. Qd3 Qg6 44. Kf3 Kg8 45. Re2 Qe8 46. Ng3 Ra4 47. Nf5 hxg4+
48. hxg4 Qc6+ 49. e4 Qe8 50. Qd5 Ra1 51. Rd3 Qc6 52. Qxc6 Rxc6 53. e5 Kf7 54. g5
g6 55. Nh6+ Ke6 56. Ng4 Rf1+ 57. Kg3 Rg1+ 58. Rg2 Rxg2+ 59. Kxg2 b5 60. Kf3 b4
61. Nf6 Rb6 62. Rb3 Be7 63. Ke4 Rc6 64. Ng4 Rc4+ 65. Kf3 Bc5 66. Ne3 Bxe3 67.
Kxe3 Kf5 68. Rd3 Re4+ 69. Kd2 Kxf4 70. Rd6 Kxg5 71. e6 Kf5 72. Rb6 Rxe6 73. Rxb4
g5 74. Rb5+ Kf4 75. Rb4+ Kf3 76. Rb3+ Kg2 77. Rb4 Kh3 78. Rb5 g4 79. Rh5+ Kg2
80. Kd3 g3 81. Rh8 Kg1 82. Kd2 g2 83. Rh7 Re5 84. Rh8 Kf2 85. Rf8+ Kg3 86. Rg8+
Kf3 87. Rf8+ Kg4 0-1

[Event "SpeedChess Final 2025"]
[Site "London ENG"]
[Date "2026.02.07"]
[Round "1.4"]
[White "Lazavik, Denis"]
[Black "Carlsen, Magnus"]
[Result "1/2-1/2"]
[WhiteTitle "GM"]
[BlackTitle "GM"]
[WhiteElo "2605"]
[BlackElo "2840"]
[WhiteFideId "13515110"]
[BlackFideId "1503014"]
[EventDate "2026.02.07"]
[EventType "k.o."]

1. c4 e5 2. Nc3 Nf6 3. Nf3 Nc6 4. g3 Bc5 5. Bg2 O-O 6. O-O d6 7. e3 a6 8. d4
exd4 9. exd4 Ba7 10. h3 Re8 11. Be3 h6 12. Qc2 Ne7 13. Nh4 c6 14. Rad1 d5 15. b3
Be6 16. Na4 Qd7 17. Kh2 Nf5 18. Nxf5 Bxf5 19. Qc1 Rad8 20. Rfe1 Be4 21. f3 Bg6
22. Nc5 Qc8 23. Bf2 Rxe1 24. Rxe1 b6 25. Na4 dxc4 26. bxc4 b5 27. Nc5 Bxc5 28.
dxc5 bxc4 29. Qxc4 Rd2 30. Kg1 Rc2 31. Qb3 Qd8 32. Bf1 a5 33. a3 Kh7 34. Kg2 Nd5
35. Re2 Rc3 36. Qb2 Qf6 37. f4 Bd3 38. Rd2 Bxf1+ 39. Kxf1 Rf3 40. Qxf6 gxf6 41.
a4 Ra3 42. Rd4 Kg6 43. Be1 Ne3+ 44. Kf2 Nf5 45. Rd8 Rxa4 46. Bd2 Ra2 47. g4 Ne7
48. f5+ Kg7 49. Ke2 Rc2 50. Ra8 Rxc5 51. Rxa5 Rxa5 52. Bxa5 Nd5 53. Kf3 h5 54.
gxh5 Kh6 55. Kg4 Ne3+ 56. Kf4 Nd5+ 57. Kg4 c5 58. Bd2+ Kh7 59. Kf3 c4 60. Ke2
Ne7 61. Bc3 Nxf5 62. Bxf6 Kh6 63. Kd2 Kxh5 64. Kc3 Ne3 65. Bd4 Nd5+ 66. Kxc4 Nf4
67. Be3 Nxh3 68. Kd3 f5 69. Ke2 Kg4 70. Bd2 Kg3 71. Kf1 Kf3 72. Bc1 Nf2 73. Bd2
Ne4 74. Bc1 Ng3+ 75. Ke1 Kg2 76. Bd2 Ne4 77. Bc1 Nc5 78. Ke2 Ne6 79. Bd2 Kg3 80.
Bc1 Nd4+ 81. Kf1 Kf3 82. Bd2 Nc2 83. Bh6 Ne3+ 84. Ke1 Ng2+ 85. Kf1 Nf4 86. Bxf4
Kxf4 87. Kf2 Ke4 88. Ke2 Kf4 89. Kf2 Kg4 90. Kg2 f4 91. Kf2 f3 92. Kf1 Kf4 93.
Kf2 Kg4 94. Kf1 Kg3 95. Kg1 f2+ 96. Kf1 Kf3 1/2-1/2

[Event "SpeedChess Final 2025"]
[Site "London ENG"]
[Date "2026.02.07"]
[Round "1.4"]
[White "Nakamura, Hikaru"]
[Black "Firouzja, Alireza"]
[Result "1/2-1/2"]
[WhiteTitle "GM"]
[BlackTitle "GM"]
[WhiteElo "2810"]
[BlackElo "2759"]
[WhiteFideId "2016192"]
[BlackFideId "12573981"]
[EventDate "2026.02.07"]
[EventType "k.o."]

1. e4 e5 2. Nf3 Nc6 3. Bb5 a6 4. Ba4 Nf6 5. d3 Bc5 6. O-O b5 7. Bb3 O-O 8. Be3
d6 9. a4 Rb8 10. axb5 axb5 11. h3 h6 12. c3 Re8 13. Nbd2 Bb6 14. Bxb6 Rxb6 15.
Re1 Ne7 16. Ra8 Ng6 17. Nf1 Ra6 18. Rxa6 Bxa6 19. Ng3 Bc8 20. d4 c5 21. Qd2 Qb6
22. Bc2 Be6 23. Ra1 cxd4 24. cxd4 Rc8 25. Qd1 Nf4 26. Qd2 g5 27. Bd3 exd4 28.
Bf1 d3 29. Bxd3 Nd7 30. Bf1 Ne5 31. Nd4 Bxh3 32. Nxb5 Bxg2 33. Bxg2 Qxb5 34. Nf5
Qe2 35. Qxe2 Nxe2+ 36. Kf1 Rc2 37. Ne3 Rxb2 38. Nd1 Rc2 39. Ra8+ Kh7 40. Ne3 Rb2
41. Nd1 Rd2 42. Ke1 Nc4 43. Bf1 Nd4 44. Bxc4 Nf3+ 45. Kf1 Rxd1+ 46. Ke2 Rd4 47.
Bxf7 Ne5 48. Bd5 Rb4 49. Ra7+ Kg6 50. Ra6 Rb2+ 51. Kf1 Ng4 52. Rxd6+ Kh5 53. Kg1
Rxf2 54. e5 Re2 55. e6 Kh4 56. Bf3 Re1+ 57. Kg2 Re5 58. Rd4 h5 59. Re4 Rxe4 60.
Bxe4 Nf6 61. e7 g4 62. Bc6 Kg5 63. e8=Q Nxe8 64. Bxe8 h4 65. Bd7 Kf4 66. Bxg4
Kxg4 67. Kh2 h3 68. Kh1 h2 69. Kxh2 1/2-1/2

[Event "SpeedChess Final 2025"]
[Site "London ENG"]
[Date "2026.02.07"]
[Round "1.5"]
[White "Carlsen, Magnus"]
[Black "Lazavik, Denis"]
[Result "1-0"]
[WhiteTitle "GM"]
[BlackTitle "GM"]
[WhiteElo "2840"]
[BlackElo "2605"]
[WhiteFideId "1503014"]
[BlackFideId "13515110"]
[EventDate "2026.02.07"]
[EventType "k.o."]

1. d4 Nf6 2. c4 g6 3. Nc3 Bg7 4. e4 d6 5. Nf3 O-O 6. Be2 e5 7. O-O Re8 8. d5 a5
9. Ne1 Na6 10. Nd3 b6 11. Be3 Bd7 12. a4 Kh8 13. Ra3 Qe7 14. h3 Rf8 15. Qd2 Ng8
16. Nb5 f5 17. exf5 gxf5 18. f4 e4 19. Nf2 Rae8 20. g4 Qh4 21. Kg2 Ne7 22. g5 h6
23. gxh6 Qxh6 24. Nh1 Ng6 25. Ng3 Nh4+ 26. Kh2 Kh7 27. Bd4 Bxb5 28. cxb5 Bxd4
29. Qxd4 Nc5 30. Nh5 Nf3+ 31. Bxf3 exf3 32. Ng3 Re4 33. Qf2 Rxf4 34. Rxf3 Nd3
35. Rxf4 Nxf2 36. R1xf2 Rf6 37. Nxf5 Qh5 38. R2f3 Rf7 39. b3 Kh8 40. Rh4 Rxf5
41. Rxh5+ Rxh5 42. Rf8+ Kg7 43. Rc8 Rxd5 44. Rxc7+ Kf6 45. Rc6 Ke5 46. Rxb6 Rd2+
47. Kg1 Rb2 48. Ra6 Rxb3 49. Rxa5 d5 50. h4 d4 51. b6+ Ke4 52. Rb5 Rg3+ 53. Kf2
Rf3+ 54. Ke1 Rf8 55. b7 1-0

[Event "SpeedChess Final 2025"]
[Site "London ENG"]
[Date "2026.02.07"]
[Round "1.5"]
[White "Firouzja, Alireza"]
[Black "Nakamura, Hikaru"]
[Result "1-0"]
[WhiteTitle "GM"]
[BlackTitle "GM"]
[WhiteElo "2759"]
[BlackElo "2810"]
[WhiteFideId "12573981"]
[BlackFideId "2016192"]
[EventDate "2026.02.07"]
[EventType "k.o."]

1. d4 Nf6 2. c4 c6 3. Bf4 d5 4. e3 a6 5. Nc3 b5 6. cxd5 cxd5 7. Rc1 Bb7 8. Nf3
e6 9. Bd3 Be7 10. Ne5 O-O 11. Qf3 Nbd7 12. O-O Rc8 13. Qh3 g6 14. Nf3 Nh5 15.
Bh6 Re8 16. Ne2 Bf8 17. Bxf8 Rxf8 18. g4 Nhf6 19. Nf4 Rxc1 20. Rxc1 Qb8 21. Qh4
e5 22. Nxe5 Nxe5 23. Qxf6 Nxg4 24. Qg5 f5 25. h3 Nf6 26. Bxf5 Kh8 27. Bd3 Qd6
28. Qe5 Qxe5 29. dxe5 Ne8 30. Ne6 Rf7 31. Nc5 Bc8 32. h4 Rc7 33. b4 Ng7 34. Rc2
Bf5 35. Bxf5 Nxf5 36. Rd2 Ne7 37. f4 Kg7 38. Ne6+ 1-0

[Event "SpeedChess Final 2025"]
[Site "London ENG"]
[Date "2026.02.07"]
[Round "1.6"]
[White "Lazavik, Denis"]
[Black "Carlsen, Magnus"]
[Result "1/2-1/2"]
[WhiteTitle "GM"]
[BlackTitle "GM"]
[WhiteElo "2605"]
[BlackElo "2840"]
[WhiteFideId "13515110"]
[BlackFideId "1503014"]
[EventDate "2026.02.07"]
[EventType "k.o."]

1. d4 Nf6 2. Nf3 e6 3. Bf4 d6 4. e3 Nbd7 5. h3 b6 6. Be2 Bb7 7. c4 e5 8. Bh2
exd4 9. exd4 g6 10. O-O Bg7 11. d5 O-O 12. Nc3 Re8 13. Qc2 Nc5 14. Rfe1 a5 15.
Bf1 Qd7 16. Nb5 Ba6 17. Nfd4 Rxe1 18. Rxe1 Re8 19. Rxe8+ Nxe8 20. Qe2 Nf6 21.
Qe3 h5 22. b3 Nfe4 23. f3 Nf6 24. h4 Bxb5 25. Nxb5 Qd8 26. Bf4 Nfd7 27. Bg3 Bf6
28. Qe1 Ne5 29. Kh2 Ned3 30. Bxd3 Nxd3 31. Qd2 Nc5 32. Qe1 a4 33. b4 Nd3 34. Qd2
Ne5 35. Qe2 Bxh4 36. Bxe5 dxe5 37. Qxe5 Be7 38. a3 Bd6 39. Nxd6 cxd6 40. Qd4 Qg5
41. Qxb6 Qh4+ 42. Kg1 Qe1+ 43. Kh2 Qh4+ 44. Kg1 Qe1+ 45. Kh2 Qh4+ 1/2-1/2

[Event "SpeedChess Final 2025"]
[Site "London ENG"]
[Date "2026.02.07"]
[Round "1.6"]
[White "Nakamura, Hikaru"]
[Black "Firouzja, Alireza"]
[Result "1-0"]
[WhiteTitle "GM"]
[BlackTitle "GM"]
[WhiteElo "2810"]
[BlackElo "2759"]
[WhiteFideId "2016192"]
[BlackFideId "12573981"]
[EventDate "2026.02.07"]
[EventType "k.o."]

1. e4 e5 2. Nf3 Nc6 3. Bb5 a6 4. Ba4 Nf6 5. d3 Bc5 6. O-O b5 7. Bb3 O-O 8. a4
Rb8 9. axb5 axb5 10. Be3 d6 11. h3 h6 12. c3 Re8 13. Nbd2 Bb6 14. Nh4 Be6 15.
Qf3 d5 16. Bxb6 Rxb6 17. Rfd1 Ne7 18. Qe3 g5 19. Nhf3 Ng6 20. Bc2 Qe7 21. d4
dxe4 22. Nxe5 Bf5 23. Nxg6 Bxg6 24. Bb3 Nh5 25. Re1 Nf4 26. f3 Nd3 27. fxe4 Nxe1
28. Rxe1 Kg7 29. e5 b4 30. c4 Ra6 31. d5 Ra5 32. Nf3 Qc5 33. Nd4 Kh7 34. Kh2
Raa8 35. Qf2 Re7 36. Bc2 Qxc4 37. Qf6 Rae8 38. Nf5 Qxc2 39. Qg7# 1-0

[Event "SpeedChess Final 2025"]
[Site "London ENG"]
[Date "2026.02.07"]
[Round "1.7"]
[White "Carlsen, Magnus"]
[Black "Lazavik, Denis"]
[Result "1-0"]
[WhiteTitle "GM"]
[BlackTitle "GM"]
[WhiteElo "2840"]
[BlackElo "2605"]
[WhiteFideId "1503014"]
[BlackFideId "13515110"]
[EventDate "2026.02.07"]
[EventType "k.o."]

1. e4 c5 2. Nf3 Nc6 3. Bb5 g6 4. O-O Bg7 5. Re1 e5 6. Bxc6 dxc6 7. a4 Qe7 8. d3
Nf6 9. Nbd2 O-O 10. Nc4 Ne8 11. Bg5 f6 12. Be3 Nc7 13. Nfd2 Be6 14. f4 exf4 15.
Bxf4 Rad8 16. Qf3 Na6 17. Qg3 Qd7 18. Rf1 Nb4 19. Rac1 b6 20. b3 Na2 21. Rce1
Nb4 22. Ne3 b5 23. Bc7 Rc8 24. Bd6 Rfd8 25. Bxc5 Na6 26. Ba3 bxa4 27. bxa4 c5
28. Bb2 Rf8 29. h4 Qc7 30. Qxc7 Rxc7 31. g4 Nb4 32. Re2 Bh6 33. Ndc4 Bxe3+ 34.
Nxe3 c4 35. Ba3 cxd3 36. cxd3 a5 37. d4 Bb3 38. Rb1 Rc3 39. Bxb4 axb4 40. Kf2
Rd3 41. d5 Re8 42. Reb2 Rxe4 43. Rxb3 Rexe3 44. Rxd3 Rxd3 45. Rxb4 Rxd5 46. Ke3
h5 47. Rb5 Rd1 48. gxh5 gxh5 49. Rxh5 Ra1 50. Ra5 Kg7 51. Kf4 Kg6 52. h5+ Kf7
53. Ra7+ Ke6 54. h6 Rf1+ 55. Ke3 f5 56. h7 Rh1 57. a5 Kf6 58. a6 Kg6 59. Rb7 1-0

[Event "SpeedChess Final 2025"]
[Site "London ENG"]
[Date "2026.02.07"]
[Round "1.7"]
[White "Firouzja, Alireza"]
[Black "Nakamura, Hikaru"]
[Result "0-1"]
[WhiteTitle "GM"]
[BlackTitle "GM"]
[WhiteElo "2759"]
[BlackElo "2810"]
[WhiteFideId "12573981"]
[BlackFideId "2016192"]
[EventDate "2026.02.07"]
[EventType "k.o."]

1. d4 d5 2. c4 c6 3. Nf3 Nf6 4. Nc3 a6 5. c5 Nbd7 6. Bf4 Nh5 7. Bd2 Qc7 8. e4
dxe4 9. Nxe4 Ndf6 10. Nxf6+ Nxf6 11. Bc4 Bf5 12. O-O e6 13. Re1 Rd8 14. Qa4 Qc8
15. Ba5 Rd7 16. Bb3 Be7 17. Ne5 O-O 18. Nxd7 Qxd7 19. Rad1 Nd5 20. Bc4 Bf6 21.
Qb3 h5 22. Bxd5 cxd5 23. h3 Be4 24. a3 Re8 25. Qg3 e5 26. Bc3 h4 27. Qe3 Qf5 28.
dxe5 Bg5 29. Qe2 Qg6 30. f3 Bf5 31. Rxd5 Bf4 32. Bd2 Bg3 33. Rc1 f6 34. f4 Be4
35. Rd6 Bc6 36. Rf1 Qf5 37. Bc3 fxe5 38. Bxe5 Re7 39. Qg4 Qxg4 40. hxg4 Kh7 41.
g5 Be4 42. b4 Bf5 43. Rf3 Be4 44. Re3 Bf5 45. Kf1 Rf7 46. Ke2 Bg6 47. Kd2 Bf5
48. Kc3 Bg6 49. Rf3 Be4 50. Re3 Bg6 51. a4 Bf5 52. b5 axb5 53. axb5 Rc7 54. g6+
Kh6 55. Kb4 Bf2 56. Bd4 Bxe3 57. Bxe3 Re7 58. Bd4 Re2 59. c6 bxc6 60. bxc6 Rxg2
61. Rd5 Be6 62. c7 Rc2 63. Bc3 h3 64. f5 Bc8 65. Rd8 Bxf5 66. Rf8 Bg4 67. Rf4
Bd7 68. Rf7 Be6 69. Re7 Bf5 70. Rf7 h2 71. Rxf5 h1=Q 72. c8=Q Qe4+ 73. Kb3 Rxc3+ 0-1

[Event "SpeedChess Final 2025"]
[Site "London ENG"]
[Date "2026.02.07"]
[Round "1.8"]
[White "Lazavik, Denis"]
[Black "Carlsen, Magnus"]
[Result "1/2-1/2"]
[WhiteTitle "GM"]
[BlackTitle "GM"]
[WhiteElo "2605"]
[BlackElo "2840"]
[WhiteFideId "13515110"]
[BlackFideId "1503014"]
[EventDate "2026.02.07"]
[EventType "k.o."]

1. Nf3 d5 2. b3 Bg4 3. e3 Nd7 4. Bb2 e6 5. h3 Bh5 6. d3 h6 7. Nbd2 Ngf6 8. Be2
Bd6 9. e4 dxe4 10. dxe4 Bxf3 11. Bxf3 Be5 12. Qc1 Bxb2 13. Qxb2 e5 14. Nc4 Qe7
15. Qc3 O-O-O 16. O-O-O Kb8 17. Kb2 Rhe8 18. Rhe1 Rc8 19. a4 g6 20. Bg4 h5 21.
Bxd7 Nxd7 22. a5 a6 23. Rd5 f6 24. Red1 Nc5 25. f3 Ne6 26. Rd7 Qf8 27. Ne3 Red8
28. Qc4 Qe8 29. Rxd8 Rxd8 30. Rxd8+ Nxd8 31. Nd5 Qf7 32. h4 c6 33. Ne3 Qxc4 34.
Nxc4 Kc7 35. Kc3 Ne6 36. Ne3 g5 37. hxg5 fxg5 38. Kd2 h4 39. Ke1 Nf4 40. Kf2 Kd6
41. Nc4+ Ke6 42. Nb2 Kf6 43. Na4 Ne6 44. c3 Ke7 45. b4 Kf6 46. Nc5 Nxc5 47. bxc5
Kg6 48. g4 Kf6 49. Kg2 Ke7 50. Kf2 Kf6 51. Kg2 Ke7 52. Kf2 Kf6 1/2-1/2

[Event "SpeedChess Final 2025"]
[Site "London ENG"]
[Date "2026.02.07"]
[Round "1.8"]
[White "Nakamura, Hikaru"]
[Black "Firouzja, Alireza"]
[Result "1/2-1/2"]
[WhiteTitle "GM"]
[BlackTitle "GM"]
[WhiteElo "2810"]
[BlackElo "2759"]
[WhiteFideId "2016192"]
[BlackFideId "12573981"]
[EventDate "2026.02.07"]
[EventType "k.o."]

1. e4 c6 2. Nf3 d5 3. Nc3 dxe4 4. Nxe4 Nf6 5. Qe2 Nxe4 6. Qxe4 Nd7 7. Bc4 Nf6 8.
Ne5 e6 9. Qe2 b5 10. Bb3 Qc7 11. d4 Bd6 12. O-O a5 13. a4 b4 14. Re1 O-O 15. Bg5
c5 16. dxc5 Qxc5 17. Qb5 Qc7 18. Bxf6 gxf6 19. Ng4 f5 20. Rad1 Ba6 21. Qd7 Rad8
22. Nf6+ Kg7 23. Qxc7 Bxc7 24. Nd7 Rfe8 25. Nc5 Bc8 26. Bc4 Bb6 27. Nb3 Bb7 28.
Bb5 Rf8 29. Kf1 Bd5 30. f3 Kf6 31. Nd2 Rc8 32. Bd3 h5 33. b3 h4 34. Nc4 Bc7 35.
h3 Rg8 36. Ne3 Bb7 37. Bc4 Bf4 38. Rd4 Be5 39. Rd3 Bc6 40. Ba6 Rc7 41. Nc4 Bg3
42. Red1 Bd5 43. Ne3 Bc6 44. Nc4 Bd5 45. Ne3 Ba8 46. Nc4 Bf4 47. Rd4 Kg5 48. Rd8
Rxd8 49. Rxd8 Bd5 50. Bb5 Bxc4+ 51. Bxc4 Kf6 52. Ra8 Rc5 53. Rd8 Re5 54. Be2 Bg3
55. Rd1 Rc5 56. Bc4 Re5 57. Be2 Kg5 58. Rd4 Re3 59. Rd3 Re5 60. Rd4 Kf6 61. Rd1 1/2-1/2

[Event "SpeedChess Final 2025"]
[Site "London ENG"]
[Date "2026.02.07"]
[Round "1.9"]
[White "Carlsen, Magnus"]
[Black "Lazavik, Denis"]
[Result "1/2-1/2"]
[WhiteTitle "GM"]
[BlackTitle "GM"]
[WhiteElo "2840"]
[BlackElo "2605"]
[WhiteFideId "1503014"]
[BlackFideId "13515110"]
[EventDate "2026.02.07"]
[EventType "k.o."]

1. e4 e5 2. Nf3 Nc6 3. Bb5 a6 4. Ba4 Nf6 5. O-O b5 6. Bb3 Bc5 7. c3 d6 8. d4 Bb6
9. Be3 O-O 10. Nbd2 Re8 11. h3 exd4 12. cxd4 Na5 13. Bc2 Bb7 14. Qb1 Nc4 15.
Nxc4 bxc4 16. Nd2 h6 17. Re1 Rb8 18. Nxc4 Bxe4 19. Bxe4 Rxe4 20. Qd3 Re8 21. b3
Qd7 22. d5 Bxe3 23. Nxe3 Qb5 24. Red1 Qxd3 25. Rxd3 Ne4 26. Rd4 a5 27. Rc1 Nc5
28. Rcc4 g6 29. g4 Kg7 30. Kg2 Re7 31. Rc2 Ree8 32. h4 Ra8 33. Rdc4 Rab8 34. Rd4
Ra8 35. Rc1 Re5 36. Kf3 h5 37. g5 f6 38. gxf6+ Kxf6 39. Rc2 Kg7 40. Kg2 Re7 41.
Rc1 Rf8 42. Rc2 Ra8 43. Nc4 Nd7 44. Ne3 Nc5 1/2-1/2

[Event "SpeedChess Final 2025"]
[Site "London ENG"]
[Date "2026.02.07"]
[Round "1.9"]
[White "Firouzja, Alireza"]
[Black "Nakamura, Hikaru"]
[Result "0-1"]
[WhiteTitle "GM"]
[BlackTitle "GM"]
[WhiteElo "2759"]
[BlackElo "2810"]
[WhiteFideId "12573981"]
[BlackFideId "2016192"]
[EventDate "2026.02.07"]
[EventType "k.o."]

1. d4 d5 2. c4 dxc4 3. e4 c5 4. d5 Nf6 5. Nc3 b5 6. Nxb5 Nxe4 7. Bxc4 a6 8. Nc3
Nd6 9. Nf3 g6 10. O-O Bg7 11. Re1 O-O 12. Bf1 Bg4 13. Bg5 Re8 14. Ne4 h6 15. Bf4
Nxe4 16. Rxe4 Bxb2 17. Bxh6 Bxf3 18. gxf3 Nd7 19. Rb1 Bg7 20. Qc1 Bf6 21. Kg2
Nb6 22. Qxc5 Nxd5 23. Rbe1 e6 24. Qc1 Rc8 25. Qa3 Bg5 26. Bxg5 Qxg5+ 27. Rg4 Qd2
28. Re5 Rc3 29. Qa4 Rd8 30. Qe4 Ne3+ 31. Qxe3 Rxe3 32. Rxe3 Qxa2 33. Re2 Qa1 34.
Re3 Rd1 35. Be2 Rg1+ 36. Kh3 Qh8+ 0-1